[Event "POL-chT Region"]
[Site "Poland"]
[Date "1999.??.??"]
[Round "?"]
[White "Kunicki, Michal"]
[Black "Sawczuk, Czeslaw"]
[Result "0-1"]
[WhiteElo "2034"]
[BlackElo "2061"]
[PlyCount "78"]
[EventDate "1999.??.??"]
[EventType "team"]
[EventRounds "13"]
[EventCountry "POL"]
[SourceTitle "EXT 2002"]
[Source "ChessBase"]
[SourceDate "2001.11.25"]
[SourceVersion "1"]
[SourceVersionDate "2001.11.25"]
[SourceQuality "1"]

1. d4 e6 2. c4 d5 3. Nc3 Nf6 4. Bg5 Be7 5. Nf3 c6 6. e3 Ne4 7. Bxe7 Qxe7 8. a3 a5 9. Qc2 f5 10. Bd3 Nd7 11. Ne2 0-0 12. 0-0 Rf6 13. Nd2 Rh6 14. Bxe4 fxe4 15. f3 Qg5 16. fxe4 Qxe3+ 17. Rf2 Nf6 18. h3 dxe4 19. Raf1 Bd7 20. Nc3 Qxd4 21. Ncxe4 c5 22. Kh1 Bc6 23. Nxf6+ gxf6 24. Nf3 Qd6 25. Qd2 Rxh3+ 26. Kg1 Qxd2 27. Rxd2 Rh6 28. Rd6 Re8 29. Re1 Kf7 30. Red1 a4 31. Kf2 Rg6 32. Re1 Rg4 33. Rc1 Reg8 34. Ne1 Ke7 35. Rd3 e5 36. Rcc3 Bxg2 37. Ke2 h5 38. Rd2 h4 39. Rcd3 Rd4 0-1